zpět

Detail výsledku týmu

Tenis klub, Pardubice

Datum a čas kvízu

22.5 Celkem bodů Celkový počet nahraných bodů na tomto kvízu bez doplňovacích otázek.
7. Pořadí na kvízu Konečné umístění týmu na tomto kvízu.

Zaznamenané odpovědi

# Otázka Odpověď Body Výsledky
1. ODS v pondělí představila svou... 1B 2C 3D 4A 0
2. Britské bankovky budou mít nov... C 0
3. Který pořad České televize osl... Branky, body, vteřiny 0
4. Která společnost patřící do na... Orlen Unipetrol 0
5. Kazachstánský tenista Alexandr... rukojetí rakety 0
6. Nejrozšířenějším „národním spo... D 0
7. Za národní sport lze považovat... národní házená (česká házená) 0
8. Podle anglické Wikipedie exist... o Kanadě 1
9. U uzákoněných národních sportů... polo; basketbal 0.5
10. I medailové úspěchy z olympijs... D 0